000
00181 a2200097 4500
020
_a
9788483832639
041
_a
spa
100
_a
Mankell, Henning
245
_a
Tea-Bag
942
_c
BK
999
_c
10531
_d
10531